| 000 | 00402nam a22001577a 4500 | ||
|---|---|---|---|
| 005 | 20180517154421.0 | ||
| 008 | 160519b xxu||||| |||| 00| 0 eng d | ||
| 020 | _a81-219-0502-0 | ||
| 041 | _aeng | ||
| 082 |
_b3335 _a510.2462 |
||
| 100 |
_aDass H.K. _9832 |
||
| 245 | _aEngineering Mathematics | ||
| 260 |
_aNew Delhi _bSultan Chand & Sons. _c1982 |
||
| 650 |
_aDIPLOMA ENGINEERING _9817 |
||
| 942 | _cBK | ||
| 999 |
_c1142 _d1142 |
||